000
00240nam a2200097Ia 4500
008
240331s9999 xx 000 0 und d
082
_a
001.42
_b
EIC
100
_a
Eicher,M
245
0
_a
Nonsexist research methods :
_b
a practical guide
942
_c
L
999
_c
641
_d
641